header

The nobility and excellence of women, and the defects and vices of men (Record no. 226996)

MARC details
000 -LEADER
fixed length control field 01901nam a2200445 a 4500
082 04 - DEWEY DECIMAL CLASSIFICATION NUMBER
Classification number 305.4
100 1# - MAIN ENTRY--AUTHOR NAME
Personal name Marinella, Lucrezia,
245 14 - TITLE STATEMENT
Title The nobility and excellence of women, and the defects and vices of men
260 ## - PUBLICATION, DISTRIBUTION, ETC. (IMPRINT)
Place of publication Chicago :
Name of publisher University of Chicago Press,
Year of publication 1999.
300 ## - PHYSICAL DESCRIPTION
Number of Pages xxvii, 200 p.
490 1# - SERIES STATEMENT
Series statement Other voice in early modern Europe
505 0# - FORMATTED CONTENTS NOTE
Formatted contents note pt. 1. The nobility and excellence of women -- pt. 2. The defects and vices of men.
650 #0 - SUBJECT ADDED ENTRY--TOPICAL TERM
Topical Term Women
Topical Term Women
Topical Term Women
700 1# - ADDED ENTRY--PERSONAL NAME
Personal name Dunhill, Anne.
Personal name Panizza, Letizia.
856 40 - ELECTRONIC LOCATION AND ACCESS
Uniform Resource Identifier http://site.ebrary.com/lib/rucke/Doc?id=10209994

No items available.

© 2026 Rongo University
Contact us: librarian | system librarian | Rongo university